00335nam a2200145Ia 4500008004100000020001500041041000800056082001500064100002400079245001900103250000600122260003800128300001400166650000900180210716s1986 xx 000 0 und d a8170290724 aeng a005.3 JORC aJorgensen, Carolyn. aMastering 123. a1 aNew DelhibBPB Publicationsc1986 axxiii,466 aNone